000 nam a22 7a 4500
999 _c10741
_d10741
008 180222b ||||| |||| 00| 0 eng d
100 _aGoel,R.
_96509
245 _aPrimary School Science-3
260 _aNew Delhi
_bGoyal
_c2009